000 00613nam a2200241Ia 4500
005 20250425160652.0
008 250425s9999 xx 000 0 und d
020 _a9688803715
041 _aspa
082 _a515.33
100 _aPURCELL, EDWIN J.
245 0 _aCALCULO DIFERENCIAL E INTEGRAL
250 _a6A ED.
260 _aMEXICO
260 _aMéxico
_bPRENTICE HALL HISPANOAMERICANA
_c1993
300 _a462
650 _aCALCULO DIFERENCIAL-PROBLEMAS Y EJERCICIOS
650 _aDERIVADAS
650 _aINTEGRALES
700 _aELENA DE OTEYZA
_etraductor
942 _c01
010 _a1904
999 _c193777
_d193777